Oeuvres choisies

Guardat en:
Dades bibliogràfiques
Autor principal: De Balzac Voiture, Guez
Format: Llibre
Idioma:Undetermined
Publicat: París, Francia Larousse 1936
Edició:4
Matèries:
Etiquetes: Afegir etiqueta
Sense etiquetes, Sigues el primer a etiquetar aquest registre!

MARC

LEADER 00000nam a2200000Ia 4500
008 170316s9999 xx 000 0 und d
040 |a cru BVZT 
090 |a 840 B-1o 
100 |a De Balzac Voiture, Guez 
245 |a Oeuvres choisies 
250 |a 4 
260 |a París, Francia 
260 |b Larousse 
260 |c 1936 
300 |a 119 páginas 
650 |a LITERATURA FRANCESA 
999 |c 7500  |d 7500 
942 |c 15 D  |h 840 B-1o  |2 z